| 000 | 00461nam a2200181Ia 4500 | ||
|---|---|---|---|
| 005 | 20250508151831.0 | ||
| 008 | 008 250505s9999 xx 000 0 eng d | ||
| 037 | _aTextual | ||
| 040 |
_aFEDL _beng _cFEDL |
||
| 041 |
_aeng _2eng |
||
| 084 |
_aF, DIC _qFEDL |
||
| 100 | _aDickens Charles | ||
| 245 | 0 | _aOliver twist | |
| 260 |
_aLondon, UK _bOxford University Press |
||
| 300 | _a120p. | ||
| 942 |
_cTEXL _hF, DIC |
||
| 999 |
_c1332390 _d1332390 |
||